[Event "VIE-ch U09"]
[Site "Ho Chi Minh City"]
[Date "2014.07.17"]
[Round "8"]
[White "Huynh, Thien Phu"]
[Black "Vu, Minh Hoang1111"]
[Result "1-0"]
[WhiteElo "1471"]
[BlackElo "1508"]
[PlyCount "155"]
[EventDate "2014.07.13"]
[EventType "swiss"]
[EventRounds "9"]
[EventCountry "VIE"]
[SourceTitle "EXT 2016"]
[Source "ChessBase"]
[SourceDate "2015.10.08"]
[SourceVersion "1"]
[SourceVersionDate "2015.10.08"]
[SourceQuality "1"]

1. e4 e5 2. Nf3 Nc6 3. Bb5 Bd6 4. d3 a6 5. Bxc6 dxc6 6. 0-0 Nf6 7. Be3 h6 8. Nbd2 Be6 9. a3 0-0 10. Rc1 b5 11. h3 a5 12. Qe2 c5 13. Rfe1 Qe7 14. b3 a4 15. Ra1 axb3 16. Nxb3 c4 17. Nbd2 cxd3 18. cxd3 Rxa3 19. Rxa3 Bxa3 20. Nxe5 Bd6 21. Nef3 c5 22. Rc1 Nd7 23. d4 cxd4 24. Nxd4 Ba3 25. Rf1 b4 26. Nxe6 fxe6 27. Qc4 Ne5 28. Qc5 Qf6 29. Bd4 Qf7 30. Qxe5 Rc8 31. Be3 Bc1 32. Rd1 Bxd2 33. Bxd2 Rd8 34. Qb2 Re8 35. Bxb4 Rb8 36. Qa3 Qb7 37. Be1 Qxe4 38. Qd3 Qe5 39. Bc3 Qc7 40. Re1 Qf7 41. Re3 Ra8 42. Rg3 g5 43. Qd4 Qh7 44. h4 Qb1+ 45. Kh2 Qh7 46. hxg5 hxg5+ 47. Rh3 Qc7+ 48. Rg3 Qh7+ 49. Rh3 Qc7+ 50. Qe5 Qxe5+ 51. Bxe5 Kf7 52. Rh7+ Kg6 53. Rh3 g4 54. Rg3 Kf5 55. Re3 Ra7 56. g3 Ra2 57. Kg2 Kg5 58. Bf4+ Kf6 59. Kg1 Ra1+ 60. Kg2 Ra2 61. Re5 Ra8 62. f3 Ra2+ 63. Kf1 gxf3 64. Re3 Kf5 65. Rxf3 Ra1+ 66. Kg2 Ra2+ 67. Kh3 Ke4 68. Re3+ Kf5 69. Rd3 Ke4 70. Rd2 Rxd2 71. Bxd2 Kf5 72. g4+ Kg6 73. Kh4 Kf7 74. Kg5 Kg7 75. Kh5 Kh7 76. g5 Kg8 77. Bc3 Kh7 78. g6+ 1-0

[Event "VIE-ch U09"]
[Site "Ho Chi Minh City"]
[Date "2014.07.15"]
[Round "5"]
[White "Huynh, Thien Phu"]
[Black "Nguyen, Tran Gia Bao"]
[Result "1-0"]
[WhiteElo "1471"]
[BlackElo "1534"]
[PlyCount "83"]
[EventDate "2014.07.13"]
[EventType "swiss"]
[EventRounds "9"]
[EventCountry "VIE"]
[SourceTitle "EXT 2016"]
[Source "ChessBase"]
[SourceDate "2015.10.08"]
[SourceVersion "1"]
[SourceVersionDate "2015.10.08"]
[SourceQuality "1"]

1. d4 d5 2. Nf3 Bg4 3. Nbd2 Nc6 4. e3 Bxf3 5. Nxf3 Nf6 6. Be2 g6 7. 0-0 Bg7 8. b3 0-0 9. Bb2 h6 10. Rc1 a5 11. h3 a4 12. Re1 Nb4 13. a3 Nc6 14. Bb5 axb3 15. cxb3 Qd7 16. Ne5 Qd8 17. Bxc6 bxc6 18. Rxc6 Ne4 19. Nf3 f5 20. Rc1 Rf7 21. Nh4 e5 22. Nxg6 f4 23. dxe5 f3 24. e6 Bxb2 25. e7 Qd6 26. Rc2 Qxg6 27. g3 Be5 28. g4 h5 29. Qxd5 hxg4 30. Kh1 gxh3 31. Rg1 Qg2+ 32. Rxg2+ fxg2+ 33. Kg1 h2+ 34. Kxg2 h1Q+ 35. Kxh1 c6 36. Qxe5 Rh7+ 37. Kg1 Rg7+ 38. Kf1 Ng5 39. Rxc6 Re8 40. Qd5+ Kh7 41. Rc4 Kg6 42. a4 1-0